00776nam a2200217Ii 45000010005000000030009000050080041000140400033000550410008000880820014000961100050001102450030001602640067001903000012002573360026002693370028002953380027003239400050003509990017004009520141004178997CO-ViMGA241108s9999||||xx |||||||||||||| ||und|| aCO-ViMGAbspaerdacCO-ViMGA0 aunk04a972.8-I591 aInstituto Colombiano de Antropología91019210aCrónicas de nuevo mundo 1a[Lugar de publicación no identificado] : El Colombiano, 1992 avolumen atextbtxt2rdacontent aunmediatedbn2rdamedia avolumebnc2rdacarrier aidficha_siabuc: 8796. -- ficha_no_siabuc:8997 c56472d56472 001040708001aMEVIGERRbMEVIGERRcGENd2006-11-27hVol.1o972.8-I59pECA9423r2024-11-26 10:52:24tEj.1w2024-11-26yBKz8796 | 12270